000 00431nam a22001697a 4500
003 NUST - PNEC
005 20170116181119.0
008 151004b xxu||||| |||| 00| 0 eng d
020 _a969350416X
040 _cLIBRARY
082 _a891.4392 QUR
100 _913421
_aSaleemuddin Qureshi
245 _aBiyaz e Zafar
_cSaleemuddin Qureshi
260 _cc.1994
650 _913423
_aUrdu poetry
_xLiterature
942 _2ddc
_cBK
999 _c69507
_d69507